000
00299nam a22001337a 4500
020
_a
978-8173714610
041
_a
ENG
100
_a
Rao.Y.V.C
245
_a
An Introduction To Thermodynamics
260
_a
Delhi
_b
Universties Press
_c
1996
300
_a
479
650
_a
APE
856
_u
APE (10 )
999
_c
1759
_d
1759